DESIGN OF STEEL STRUCTURES (Record no. 5332)

MARC details
000 -LEADER
fixed length control field 00385nam a22001577a 4500
005 - DATE AND TIME OF LATEST TRANSACTION
control field 20170330095356.0
008 - FIXED-LENGTH DATA ELEMENTS--GENERAL INFORMATION
fixed length control field 170330b xxu||||| |||| 00| 0 eng d
020 ## - INTERNATIONAL STANDARD BOOK NUMBER
ISBN 978-81-318-0942-6
041 ## - LANGUAGE CODE
Language code of text/sound track or separate title eng
100 ## - MAIN ENTRY--AUTHOR NAME
Personal name PUNMIA,DR. B. C
245 ## - TITLE STATEMENT
Title DESIGN OF STEEL STRUCTURES
260 ## - PUBLICATION, DISTRIBUTION, ETC. (IMPRINT)
Name of publisher LAXHMI PUBLICATION
Year of publication 1995
300 ## - PHYSICAL DESCRIPTION
Number of Pages 1156
650 ## - SUBJECT ADDED ENTRY--TOPICAL TERM
Topical Term ENGINEERING
942 ## - ADDED ENTRY ELEMENTS (KOHA)
Koha item type Books
Holdings
Lost status Damaged status Home library Current library Shelving location Date acquired Source of acquisition Cost, normal purchase price Full call number Accession Number Koha item type
    JRU Library   SHELF-6-B 28/03/2017 PURCHASE 775.00 624.1821 21487 Books
    JRU Library   SHELF-49-D 28/03/2017 PURCHASE 775.00   21488 Books